Aberrations of British butterflies /

Bibliographic Details
Main Author: Russwurm, A. D. A.
Format: Book
Language:English
Published: Faringdon, [England] : E. W. Classey, 1978.
Subjects:

MARC

Tag First Indicator Second Indicator Subfields
LEADER 00000cam a2200000 i 4500
001 in00000665409
005 20151015083026.0
008 781103s1978 enka 00110 eng d
020 |a 0860960021 
035 |a (OCoLC)04343102 
035 |9 ACX9933AM 
040 |a KUK  |c KUK  |d TXA  |d UtOrBLW 
043 |a e-uk--- 
049 |a TXAM  |c [444140] 
090 |a QL555.G7  |b R87 
100 1 |a Russwurm, A. D. A. 
245 1 0 |a Aberrations of British butterflies /  |c by A. D. A. Russwurm ; forty color plates by the author. 
264 1 |a Faringdon, [England] :  |b E. W. Classey,  |c 1978. 
300 |a 151 pages :  |b color illustrations ;  |c 26 cm. 
336 |a text  |b txt  |2 rdacontent 
337 |a unmediated  |b n  |2 rdamedia 
338 |a volume  |b nc  |2 rdacarrier 
500 |a Includes index. 
650 0 |a Butterflies  |z Great Britain. 
999 |a MARS 
999 f f |s 4ad16d19-f6e6-33d7-a385-1d4185142683  |i 10a8c72d-981a-37fe-9fb8-7337e9bfe37c  |t 0 
952 f f |p ric  |a Texas A&M University  |b Rellis Campus  |c Joint Library Facility  |d Remote Storage  |t 0  |e QL555.G7 R87  |h Library of Congress classification  |i unmediated -- volume  |m A14804950694 
998 f f |a QL555.G7 R87  |t 0  |l Remote Storage